| 000 | 00441nam a2200181Ia 4500 | ||
|---|---|---|---|
| 001 | 3296 | ||
| 005 | 20260306145633.0 | ||
| 008 | 260306t1993||||xx |||||||||||||| ||spa|| | ||
| 041 | _aESP | ||
| 082 |
_a268 _bJ81P T. 1 1993 |
||
| 100 |
_aJuan Pablo II _eAUT |
||
| 245 | 0 |
_aCatequesis sobre el credo: _bel padre creador |
|
| 260 | _c1993 | ||
| 300 |
_a336 páginas : _c20 cm. |
||
| 650 | _aGEN | ||
| 654 | _aCHU | ||
| 942 |
_cLIB _dJUS _fJUS _2ddc _n |
||
| 999 |
_c3296 _d3296 |
||